Системы мониторинга и управления комбинированными энергетическими системами; Современные техника и технологии; Т. 1
| Parent link: | Современные техника и технологии: сборник трудов XVI Международной научно-практической конференции студентов, аспирантов и молодых ученых, Томск, 12-16 апреля 2010 г/ Национальный исследовательский Томский политехнический университет (ТПУ).— , 2010 Т. 1.— 2010.— [С. 210-211] |
|---|---|
| Hlavní autor: | |
| Další autoři: | , , |
| Shrnutí: | Заглавие с титульного листа Электронная версия печатной публикации |
| Jazyk: | ruština |
| Vydáno: |
2010
|
| Témata: | |
| On-line přístup: | http://www.lib.tpu.ru/fulltext/v/Conferences/2010/K04/104105.pdf |
| Médium: | MixedMaterials Elektronický zdroj Kapitola |
| KOHA link: | https://koha.lib.tpu.ru/cgi-bin/koha/opac-detail.pl?biblionumber=227084 |
MARC
| LEADER | 00000nla2a2200000 4500 | ||
|---|---|---|---|
| 001 | 227084 | ||
| 005 | 20240223064748.0 | ||
| 035 | |a (RuTPU)RU\TPU\book\247482 | ||
| 035 | |a RU\TPU\book\247480 | ||
| 090 | |a 227084 | ||
| 100 | |a 20121130d2010 k y0rusy50 ca | ||
| 101 | 0 | |a rus | |
| 102 | |a RU | ||
| 105 | |a y z 101zy | ||
| 135 | |a drnn ---uucaa | ||
| 181 | 0 | |a i | |
| 182 | 0 | |a b | |
| 200 | 1 | |a Системы мониторинга и управления комбинированными энергетическими системами |f В. В. Игнатовский, А. В. Волгин, А. В. Юрченко |g науч. рук. А. А. Юрченко | |
| 203 | |a Текст |c электронный | ||
| 215 | |a 1 файл (230 Кб) | ||
| 300 | |a Заглавие с титульного листа | ||
| 300 | |a Электронная версия печатной публикации | ||
| 337 | |a Adobe Reader | ||
| 461 | 0 | |0 (RuTPU)RU\TPU\book\245271 |t Современные техника и технологии |o сборник трудов XVI Международной научно-практической конференции студентов, аспирантов и молодых ученых, Томск, 12-16 апреля 2010 г |o в 3 т. |f Национальный исследовательский Томский политехнический университет (ТПУ) |d 2010 | |
| 463 | 0 | |0 (RuTPU)RU\TPU\book\245275 |t Т. 1 |v [С. 210-211] |d 2010 |p [511 с.] | |
| 610 | 1 | |a энергетические системы | |
| 610 | 1 | |a комбинированные системы | |
| 610 | 1 | |a управление | |
| 610 | 1 | |a мониторинг | |
| 610 | 1 | |a системы мониторинга | |
| 610 | 1 | |a электронный ресурс | |
| 610 | 1 | |a труды учёных ТПУ | |
| 700 | 1 | |a Игнатовский |b В. В. | |
| 701 | 1 | |a Волгин |b А. В. |c специалист в области энергетических установок |c аспирант Томского политехнического университета |f 1986- |g Анатолий Валериевич |3 (RuTPU)RU\TPU\pers\25664 | |
| 701 | 1 | |a Юрченко |b А. В. |c физик |c профессор Томского политехнического университета, доктор технических наук |f 1974- |g Алексей Васильевич |y Томск |3 (RuTPU)RU\TPU\pers\25599 |9 11528 | |
| 702 | 1 | |a Юрченко |b А. А. |4 727 | |
| 801 | 1 | |a RU |b 63413507 |c 20121116 | |
| 801 | 2 | |a RU |b 63413507 |c 20130425 |g RCR | |
| 856 | 4 | |u http://www.lib.tpu.ru/fulltext/v/Conferences/2010/K04/104105.pdf | |
| 942 | |c CF | ||